000 00301nam a22001337a 4500
008 171208b xxu||||| |||| 00| 0 eng d
020 _a0139355936
041 _aeng
080 _a6214
100 _a27
101 _aINXH
245 _aELECTRICAL ENGINEERING SERIES
_cSCHWEPPE, F.C
942 _2udc
_cBK
999 _c38840
_d38840